|
|
|
|
| LEADER |
00803cam a2200253 7i4500 |
| 001 |
0000034013 |
| 005 |
20170203090000.0 |
| 007 |
##ta |
| 008 |
170203t20162016-uk eng |
| 022 |
0 |
# |
|a 20538596
|
| 040 |
# |
# |
|a MATR
|
| 090 |
0 |
0 |
|a I 610.284
|b GLO
|
| 245 |
0 |
0 |
|a Global Medical Devices Report Q3 2016.
|
| 264 |
# |
4 |
|a ♭2016.
|
| 264 |
# |
1 |
|a London:
|b Business Monitor International,
|c 2016.
|
| 300 |
# |
# |
|a 38 pages:
|b illustrations;
|c 30 cm.
|
| 336 |
# |
# |
|a text
|2 rdacontent
|
| 337 |
# |
# |
|a unmediated
|2 rdamedia
|
| 338 |
# |
# |
|a volume
|2 rdacarrier
|
| 490 |
0 |
# |
|a Includes BMI Forecasts
|
| 650 |
# |
0 |
|a Medical devices --
|x Markets
|
| 650 |
0 |
0 |
|a Medical instruments and apparatus --
|x Markets
|
| 710 |
2 |
# |
|a Business Monitor International
|
| 999 |
|
|
|a B000038284
|b Book
|c International
|e Business Information Centre
|